Statistics for Men's BMX Racing Tokyo 2020

Click here to take the quiz!

General Stats

  • This quiz has been taken 30 times
  • The average score is 12 of 24

Answer Stats

CountryRoundAnswer% Correct
NetherlandsFinalNiek Kimman
95%
Great BrittainFinalKye Whyte
89%
FranceFinalJoris Daudet
84%
USAFinalConnor Fields
79%
FranceFinalRomain Mahieu
68%
FranceFinalSylvain Andre
68%
ColombiaFinalCarlos Ramirez
63%
SwitzerlandQuarter-FinalSimon Marquart
63%
NetherlandsSemi-FinalTwan van Gendt
63%
EcuadorFinalAlfredo Campo
53%
SwitzerlandSemi-FinalDavid Graf
53%
CanadaQuarter-FinalJames Palmer
53%
AustraliaQuarter-FinalAnthony Dean
47%
ColombiaSemi-FinalVincent Pelluard
47%
JapanQuarter-FinalYoshitaku Nagasako
47%
USASemi-FinalCorben Sharrah
42%
ItalyQuarter-FinalGiacomo Fantoni
42%
NetherlandsSemi-FinalJoris Harmsen
42%
ArgentinaSemi-FinalNicolas Torres
42%
BrazilSemi-FinalRenato Rezende
32%
LatviaQuarter-FinalHelvijs Babris
26%
NorwaySemi-FinalTore Navrestad
26%
South africaQuarter-FinalAlex Limberg
11%
RussiaQuarter-FinalEvgeny Kleshchenko
0%

Score Distribution

Percentile by Number Answered

Percent of People with Each Score

Your Score History

You have not taken this quiz